Words Within Words 'A' Blitz Quiz Stats

 Plays Quiz Updated Dec 1, 2018

Challenge
Share
Tweet
Embed
Score 0/30 Timer 01:30
5 Plays Today
% Correct
void
86%
maze
86%
bide
85.5%
cross
83.3%
we
82.5%
board
81.7%
ward
81.5%
corn
81.2%
cute
80.2%
isle
79%
gape
77.1%
tone
75.8%
mend
74.5%
bridge
74%
scent
72.7%
% Correct
venue
71.7%
gain
71%
bash
70.7%
toll
70.3%
trophy
68.5%
light
68.3%
rid
67.8%
verse
66.9%
vast
61.2%
gar
58%
gate
57.3%
but
56.3%
shy
39.2%
mine
17.2%
real
10.5%

You're not logged in!

Compare scores with friends on all Sporcle quizzes.
OR
Log In

You Might Also Like...

Show Comments

Extras

Top Quizzes Today


Score Distribution

Your Account Isn't Verified!

In order to create a playlist on Sporcle, you need to verify the email address you used during registration. Go to your Sporcle Settings to finish the process.

Report this User

Report this user for behavior that violates our Community Guidelines.

Details: